Gum Quiz Stats

 Plays Quiz not verified by Sporcle

Also try: Same Last Name III
Challenge
Share
Tweet
Score 0/9 Timer 06:00
0 Plays Today
% Correct
Big Red
63.6%
Chiclets
63.6%
Trident
63.6%
Bubblicious
40.9%
Hubba Bubba
27.3%
Stride
18.2%
Vib Energy
9.1%
Clorets
4.5%
Bubbaloo
4.5%

You're not logged in!

Compare scores with friends on all Sporcle quizzes.
Join for Free
OR
Log In

You Might Also Like...

Show Comments

Extras

Created Jun 20, 2017ReportNominate
Tags:british, gum

Top Quizzes Today


Score Distribution

Your Account Isn't Verified!

In order to create a playlist on Sporcle, you need to verify the email address you used during registration. Go to your Sporcle Settings to finish the process.

Report this User

Report this user for behavior that violates our Community Guidelines.

Details: